| 000 | 00943nam a2200301Ia 4500 | ||
|---|---|---|---|
| 003 | OSt | ||
| 005 | 20250813124646.0 | ||
| 008 | 210210b2017 xxu||||| |||| 00| 0 eng d | ||
| 020 | _a9788184677089 | ||
| 040 | _cAL | ||
| 041 | _aKannada | ||
| 082 | _aK894.4 GANV | ||
| 100 |
_aGANESH DEVI _d ಗಣೇಶ್ ದೇವಿ _9235326 |
||
| 245 |
_aVanaprastha: idondu atmanubhuti _b ವಾನಪ್ರಸ್ಥ: ಇದೊಂದು ಆತ್ಮಾನುಭೂತಿ |
||
| 260 |
_aBengaluru _bNavakaranataka Prakashana _c2017 |
||
| 300 | _axvi,196 | ||
| 650 |
_aVanaprastha: _9235327 |
||
| 650 |
_aTr _9235328 |
||
| 650 |
_aPokale _9235329 |
||
| 650 |
_aidondu _9235330 |
||
| 650 |
_aChandrakanta _9235331 |
||
| 650 |
_aby _9235332 |
||
| 650 |
_aatmanubhuti _9235333 |
||
| 690 |
_aKannada Prose _9235334 |
||
| 700 |
_aChandrakanta Pokale _dಚಂದ್ರಕಾಂತ ಪೋಕಳೆ tr _9235335 |
||
| 906 | _a072227 | ||
| 942 |
_2ddc _cBK |
||
| 999 |
_c122134 _d122134 |
||